000 00683nab a2200193 4500
001 244442
003 OSt
005 20250310092829.0
007 tu
008 200917s2020|||||||
040 _aDE-2950
_cDE-2950
245 0 0 _aWer seit 1990 gewonnen hat
_bPolitik. Kandidaten von drei Parteien sind seit 1990 bei Bundestagswahlen in Frankfurt und Oder-Spree als Sieger hervorgegangen. Was dem ersten Sieger von damals in Erinnerung geblieben ist/
_cThomas Gutke
264 _c2024
653 _aFrankfurt (Oder)
653 _aBundestagswahl
653 _aWahl-Historie
773 0 _g36. Jahrgang (2025) Nr. 44 vom 21.02.2025, S. 15 mit Foto
_tMärkische Oderzeitung
942 _2z
_cA
999 _c373628
_d373628